Czego nie znoszą robić mali chłopcy - Statystyki

Ogólne statystyki
  • Ten quiz został rozwiązany 14 razy
  • Średni wynik to 1 z 6
Statystyki odpowiedzi
Odpowiedź % Poprawnych
Chodzić do szkoły
38%
Myć się
38%
Myć zębów
25%
Bawić się lalkami
13%
Chodzić do fryzjera
0%
Iść wcześnie spać
0%
Nie znaleziono quizów pasujących do podanych kryteriów
Rozkład punktacji
Procent ludzi z każdym wynikiem
Percentyl według liczby udzielonych odpowiedzi
Twoja historia wyników
Nie rozwiązałeś tego quizu